| 000 | 00722cam a2200253 a 4500 | ||
|---|---|---|---|
| 001 | 13065753 | ||
| 005 | 20171222094429.0 | ||
| 008 | 030122s2002 nyuab b 001 0 eng d | ||
| 010 | _a 2003268154 | ||
| 020 | _a0195128737 (acidfree paper) | ||
| 035 | _a(OCoLC)ocm49880411 | ||
| 040 |
_aIPL _cIPL _dDLC |
||
| 041 | _aeng | ||
| 042 | _alccopycat | ||
| 080 | _a031 OXF | ||
| 082 | 0 | 0 |
_a031 OXF _221 |
| 100 | _a23 | ||
| 101 | _aENC | ||
| 245 | 0 | 4 | _aThe Essential desk reference. |
| 504 | _aIncludes bibliographical references and index. | ||
| 906 |
_a7 _bcbc _ccopycat _d2 _encip _f20 _gy-gencatlg |
||
| 942 |
_2ddc _cBK |
||
| 999 |
_c39364 _d39364 |
||